000
00313nam a2200121Ia 4500
008
240624s9999 xx 000 0 und d
041
_a
eng
082
_a
658.5 NAK
100
_a
NAKAJIMA SEIICHE
245
_a
INTRODUCTION TO TPM
260
_a
Massachusetts
_b
Productivity Press
300
_a
xx, : 129 : p. : cm. ; 18
999
_c
5167
_d
5167